[Event "Trelew op"]
[Site "Trelew"]
[Date "2019.08.19"]
[Round "6"]
[White "Feo, Diego"]
[Black "Fermin, Agustin Ezequiel"]
[Result "1-0"]
[WhiteElo "1820"]
[BlackElo "1687"]
[PlyCount "39"]
[EventDate "2019.08.16"]
[EventType "swiss"]
[EventRounds "7"]
[EventCountry "ARG"]
[SourceTitle "EXT 2020"]
[Source "ChessBase"]
[SourceDate "2019.10.17"]
[SourceVersion "1"]
[SourceVersionDate "2019.10.17"]
[SourceQuality "1"]

1. e4 c5 2. Nf3 g6 3. d4 cxd4 4. Nxd4 Bg7 5. Nc3 Nc6 6. Be3 Qa5 7. f3 Nf6 8. Bc4 Qb4 9. Bb3 Nxe4 10. Nxc6 Bxc3+ 11. bxc3 Qxc3+ 12. Ke2 Qxb3 13. Qd4 Qxc2+ 14. Kf1 Nf6 15. Nxe7 Kxe7 16. Qe5+ Kf8 17. Qxf6 Rg8 18. Rc1 Qd3+ 19. Kf2 d6 20. Rc7 1-0